000 00535nam a2200169Ia 4500
008 090711s9999 xx 000 0 und d
082 _b74674
100 _aकुंटे प्रभाकर
245 _aअंतरीक्ष वारकरी
260 _c1994
300 _a58
600 _aकुंटे प्रभाकर
630 _aअंतरीक्ष वारकरी
700 _aकुंटे प्रभाकर
730 _aअंतरीक्ष वारकरी
942 _cBOOK
999 _c297241
_d297241